[Event "Rubinstein Open"]
[Site "Polanica Zdroj POL"]
[Date "2001.08.20"]
[Round "5"]
[White "Hnydiuk,A"]
[Black "Miroshnichenko,E"]
[Result "1-0"]
[WhiteElo "2362"]
[BlackElo "2539"]

1.e4 c5 2.Nc3 Nc6 3.Bb5 Nd4 4.Bc4 g6 5.Nf3 Bg7 6.O-O a6 7.Nxd4 cxd4 8.Ne2 Nf6
9.e5 Ng4 10.Nxd4 Nxe5 11.Be2 d5 12.Nf3 Nxf3+ 13.Bxf3 d4 14.c4 d3 15.Qb3 O-O
16.Bd5 Be6 17.Bxe6 fxe6 18.Qxb7 Qd4 19.Qc6 Qe5 20.Rb1 Rac8 21.Qxa6 Rb8 22.Qa7 Qd6
23.c5 Qd5 24.b3 Bd4 25.Bb2 Bxc5 26.Qc7 Rb4 27.Qe5 Qxe5 28.Bxe5 Re4 29.Bc3 Re2
30.a4 Rfxf2 31.Rxf2 Bxf2+ 32.Kh1 Be1 33.Rd1 e5 34.a5 e4 35.b4 Bf2 36.b5 e3
37.dxe3 Rc2 38.Bd2 e5 39.b6 Rb2 40.Bc3 Rb3 41.a6  1-0

[Event "Rubinstein Open"]
[Site "Polanica Zdroj POL"]
[Date "2001.08.20"]
[Round "5"]
[White "Toma,K"]
[Black "Cajbel,M"]
[Result "1/2-1/2"]
[WhiteElo "2174"]
[BlackElo "2091"]

1.e4 c5 2.Nc3 Nc6 3.Nf3 g6 4.d4 cxd4 5.Nxd4 Bg7 6.Be3 Nf6 7.Bc4 O-O 8.Bb3 d6
9.f3 Bd7 10.Qd2 Rc8 11.O-O-O Nxd4 12.Bxd4 b5 13.e5 dxe5 14.Bxe5 Bc6 15.Qe1 Qb6
16.Bd4 Qb7 17.Ne2 Rfe8 18.Be5 Qb6 19.Nf4 a5 20.Kb1 a4  1/2-1/2

[Event "Rubinstein Open"]
[Site "Polanica Zdroj POL"]
[Date "2001.08.21"]
[Round "6"]
[White "Dobrowolski,A"]
[Black "Kucypera,A"]
[Result "1/2-1/2"]
[WhiteElo "2222"]
[BlackElo "2168"]

1.e4 c5 2.Nf3 Nc6 3.Nc3 e5 4.Bc4 Be7 5.d3 d6 6.Nd2 Bg5 7.Nf1 Bxc1 8.Rxc1 Nge7
9.Ne3 O-O 10.O-O a6 11.a4 Rb8 12.Kh1 Nd4 13.Ncd5 b5 14.axb5 axb5 15.Nxe7+ Qxe7
16.Bd5 g6 17.c3 Ne6 18.Bb3 Bb7 19.Nd5 Bxd5 20.Bxd5 Kh8  1/2-1/2

[Event "Rubinstein Open"]
[Site "Polanica Zdroj POL"]
[Date "2001.08.21"]
[Round "6"]
[White "Piotrowski,L"]
[Black "Eidelson,R"]
[Result "1-0"]
[WhiteElo "2121"]
[BlackElo "2307"]

1.e4 c5 2.Nc3 Nc6 3.Bb5 a6 4.Bxc6 dxc6 5.d3 e5 6.f4 Qh4+ 7.g3 Qf6 8.Qf3 Qd6
9.Na4 Qd8 10.b3 Nf6 11.f5 b5 12.Nb2 a5 13.g4 h6 14.h4 h5 15.gxh5 Nxh5 16.Bg5 Be7
17.Nh3 a4 18.bxa4 Qa5+ 19.Bd2 Bxh4+ 20.Nf2 Qd8  1-0

[Event "Open"]
[Site "Lisbon POR"]
[Date "2001.08.22"]
[Round "2"]
[White "Rivera,D"]
[Black "Andrade,Le"]
[Result "1-0"]
[WhiteElo "2361"]
[BlackElo "2230"]

1.e4 c5 2.Nc3 Nc6 3.Nf3 d6 4.d4 cxd4 5.Nxd4 Nf6 6.Be2 e5 7.Nf3 h6 8.O-O Be7
9.Re1 O-O 10.h3 Be6 11.Bf1 Nb8 12.b3 Nbd7 13.Bb2 Rc8 14.Nd2 a6 15.a4 Qc7
16.Nc4 Nb6 17.Ne3 a5 18.Qf3 Nh7 19.Rad1 Rcd8 20.Nf5 Bf6 21.Ne3 Bg5 22.Nb5 Qc6
23.Ba3 Bxe3 24.Qxe3 Nc8 25.Rd2 f5 26.exf5 Rxf5 27.Nd4 exd4 28.Qxe6+ Rf7 29.Bc4 d5
30.Rxd4 Ng5 31.Qxc6 bxc6 32.h4 Nh7 33.Re6 Rf6 34.Rxc6 Rxc6 35.Rxd5 Re8 36.Rc5+  1-0

[Event "Open"]
[Site "Lisbon POR"]
[Date "2001.08.22"]
[Round "2"]
[White "Perez Candelario,M"]
[Black "Kotronias,V"]
[Result "0-1"]
[WhiteElo "2376"]
[BlackElo "2528"]

1.e4 c5 2.Nc3 Nc6 3.Nf3 d6 4.d4 cxd4 5.Nxd4 Nf6 6.Be2 e5 7.Nf3 h6 8.O-O Be7
9.Re1 O-O 10.h3 Be6 11.Bf1 Nb8 12.b3 Nbd7 13.Bb2 a6 14.a4 Rc8 15.Nd2 Re8
16.Nc4 Nc5 17.a5 Ncxe4 18.Nxe4 Nxe4 19.Rxe4 d5 20.Rxe5 dxc4 21.Re3 Qxd1 22.Rxd1 cxb3
23.cxb3 Rc2 24.Bd4 Bg5 25.Red3 Bf5 26.Rg3 Rd8 27.Bd3 Bxd3 28.Rgxd3 Rc1  0-1

[Event "Rubinstein Open"]
[Site "Polanica Zdroj POL"]
[Date "2001.08.22"]
[Round "7"]
[White "Jedryczka,K"]
[Black "Zhigalko,S"]
[Result "1/2-1/2"]
[WhiteElo "2330"]
[BlackElo "2219"]

1.e4 c5 2.Nc3 Nc6 3.Nf3 e5 4.Bc4 Be7 5.O-O Nf6 6.d3 O-O 7.a4 h6 8.h3 d6 9.Be3 Be6
10.Nd2 b6 11.f4 exf4 12.Bxf4 d5 13.exd5 Nxd5 14.Nxd5 Bxd5 15.Qh5 Nb4 16.c3 Bxc4
17.Nxc4 Qd5 18.Qxd5 Nxd5 19.Bg3 Rfe8 20.Rfe1 Bg5 21.a5 Rad8 22.axb6 axb6
23.Rxe8+ Rxe8 24.Kf2 Bf4 25.Rd1 b5 26.Nd6 Bxg3+ 27.Kxg3 Re2 28.c4 bxc4 29.Nxc4 g5
30.Kf3 Rc2 31.g3 Nb4 32.Ke4  1/2-1/2

[Event "Rubinstein Open"]
[Site "Polanica Zdroj POL"]
[Date "2001.08.22"]
[Round "7"]
[White "Toma,K"]
[Black "Zimmer,F"]
[Result "1-0"]
[WhiteElo "2174"]
[BlackElo "2078"]

1.e4 c5 2.Nc3 Nc6 3.Nf3 g6 4.d4 cxd4 5.Nxd4 Bg7 6.Be3 Nf6 7.Bc4 Qa5 8.O-O O-O
9.Nb3 Qc7 10.Bg5 Na5 11.Be2 Nxb3 12.axb3 h6 13.Be3 b6 14.f4 d6 15.Bd4 Nd7
16.Nd5 Qd8 17.Bc4 Bb7 18.f5 Bxd4+ 19.Qxd4 g5 20.f6 e5  1-0

[Event "Rubinstein Open"]
[Site "Polanica Zdroj POL"]
[Date "2001.08.22"]
[Round "7"]
[White "Hnydiuk,A"]
[Black "Baklan,V"]
[Result "0-1"]
[WhiteElo "2362"]
[BlackElo "2599"]

1.e4 c5 2.Nc3 Nc6 3.Bb5 Nd4 4.Bc4 g6 5.Nf3 Bg7 6.O-O a6 7.Nxd4 cxd4 8.Qf3 e6
9.Ne2 b5 10.Bb3 Bb7 11.d3 Qc7 12.Bf4 d6 13.Qg3 Rd8 14.a4 b4 15.Bd2 a5 16.f4 Ne7
17.Rae1 Qc5 18.Qh4 Rd7 19.Kh1 h5 20.Ng1 Rc7 21.Nf3 d5 22.e5 Nf5 23.Qf2 h4
24.Kg1 Bf8 25.Re2 Qb6 26.Rd1 Ba6 27.Qe1 Bc5 28.Ra1 Be7 29.Bc1 Bc4 30.dxc4 dxc4
31.Ba2 d3+ 32.Rf2 dxc2 33.b3 Bc5 34.Nd2 Bd4 35.Nxc4 Rxc4 36.bxc4 Bxa1 37.Qe4  0-1

[Event "Rubinstein Open"]
[Site "Polanica Zdroj POL"]
[Date "2001.08.22"]
[Round "7"]
[White "Czakon,J"]
[Black "Dobrowolski,A"]
[Result "1/2-1/2"]
[WhiteElo "2118"]
[BlackElo "2222"]

1.e4 c5 2.Nc3 Nc6 3.Bb5 g6 4.Bxc6 bxc6 5.f4 Bg7 6.Nf3 d6 7.d3 e6 8.O-O Ne7
9.Qe1 O-O 10.Qh4 f5 11.Be3 c4 12.dxc4 fxe4 13.Ng5 h6 14.Ngxe4 Nf5 15.Qxd8 Rxd8
16.Bf2 Ba6 17.Rfd1 Bxc4 18.g4 d5 19.Nc5 Bxc3 20.bxc3 Nd6  1/2-1/2

[Event "Open"]
[Site "Lisbon POR"]
[Date "2001.08.23"]
[Round "3"]
[White "Durao,J"]
[Black "Campos Moreno,J"]
[Result "1/2-1/2"]
[WhiteElo "2118"]
[BlackElo "2524"]

1.e4 c5 2.Nf3 Nc6 3.Nc3 g6 4.d4 cxd4 5.Nxd4 Bg7 6.Be3 Nf6 7.Nxc6 bxc6 8.e5 Nd5
9.Nxd5 cxd5 10.Qxd5 Rb8 11.Bxa7 Rxb2 12.Bd4 Rb8 13.Bc4 O-O 14.O-O Bb7 15.Qc5 d6
16.exd6 exd6 17.Qa7 Bxg2 18.Kxg2 Qg5+ 19.Kh1 Qf4 20.Bxf7+ Qxf7 21.Qxf7+ Rxf7
22.Bxg7 Kxg7  1/2-1/2

[Event "Open"]
[Site "Lisbon POR"]
[Date "2001.08.23"]
[Round "3"]
[White "Carvalho,Al"]
[Black "Collas,D"]
[Result "0-1"]
[WhiteElo "2047"]
[BlackElo "2378"]

1.e4 c5 2.Nc3 Nc6 3.Nf3 g6 4.d4 cxd4 5.Nxd4 Bg7 6.Be3 Nf6 7.Nxc6 bxc6 8.e5 Nd5
9.Nxd5 cxd5 10.Qxd5 Rb8 11.Bc4 O-O 12.f4 d6 13.O-O-O Qc7 14.Qd3 dxe5 15.fxe5 Bf5
16.Qe2 Rfc8 17.Bd3 Qxe5 18.c3 Rxc3+ 19.bxc3 Qxc3+ 20.Qc2 Rb1+  0-1

[Event "Rubinstein Open"]
[Site "Polanica Zdroj POL"]
[Date "2001.08.23"]
[Round "8"]
[White "Stoma,P"]
[Black "Zezulkin,J"]
[Result "1/2-1/2"]
[WhiteElo "2193"]
[BlackElo "2529"]

1.e4 c5 2.Nc3 Nc6 3.Bb5 Nd4 4.Bc4 e6 5.Nf3 Nf6 6.O-O a6 7.Nxd4 cxd4 8.Ne2 Nxe4
9.Nxd4 d5 10.Be2 Be7 11.d3 Nf6 12.Re1 O-O 13.Bf4 Qb6 14.Nb3 Bd7 15.a4 a5
16.Bf3 Rfc8 17.Be5 Bc6 18.Qd2 Bb4 19.c3 Be7 20.Bd4 Qd8  1/2-1/2

[Event "Rubinstein Open"]
[Site "Polanica Zdroj POL"]
[Date "2001.08.23"]
[Round "8"]
[White "Rupik,M"]
[Black "Zimmer,F"]
[Result "1/2-1/2"]
[WhiteElo "2103"]
[BlackElo "2078"]

1.e4 c5 2.Nf3 Nc6 3.Nc3 g6 4.d4 cxd4 5.Nxd4 Bg7 6.Be3 Nf6 7.Nb3 O-O 8.Be2 a5
9.Nd5 Nxd5 10.exd5 a4 11.dxc6 axb3 12.axb3 Rxa1 13.Qxa1 bxc6 14.O-O Qc7 15.Qa3 d5
16.Bc5 Bf6 17.Re1 Re8 18.b4 Bf5 19.c3 Qd7 20.Rd1 e5 21.b5 cxb5  1/2-1/2

[Event "21st Open"]
[Site "Bratto ITA"]
[Date "2001.08.24"]
[Round "3"]
[White "Menoni,V"]
[Black "Battaggia,P"]
[Result "1/2-1/2"]
[WhiteElo "2252"]
[BlackElo "2114"]

1.e4 c5 2.Nc3 Nc6 3.Nge2 e5 4.Nd5 Nce7 5.Nec3 Nxd5 6.exd5 Nf6 7.Bc4 d6 8.O-O Be7
9.a4 O-O 10.d3 b6 11.f4 exf4 12.Bxf4 a6 13.Ne4 Bb7 14.Nxf6+ Bxf6 15.c3 Qd7
16.Qf3 Rad8 17.Qg3 Rfe8 18.Rae1 Rxe1 19.Rxe1 g6 20.Bb3 b5 21.Bg5 Bxg5  1/2-1/2

[Event "Rubinstein Open"]
[Site "Polanica Zdroj POL"]
[Date "2001.08.24"]
[Round "9"]
[White "Polivanov,A"]
[Black "Gromczak,D"]
[Result "1-0"]
[WhiteElo "2319"]
[BlackElo "2142"]

1.e4 c5 2.Nc3 Nc6 3.Bb5 g6 4.Bxc6 dxc6 5.d3 e5 6.Nge2 Bg7 7.Be3 b6 8.Qd2 Ne7
9.O-O O-O 10.f4 exf4 11.Bxf4 Be6 12.Rf2 Qd7 13.Raf1 f5 14.Bh6 Rad8 15.Qf4 Rf7
16.Bxg7 Kxg7 17.Qe5+ Kg8 18.Nf4 Bd5 19.exd5 cxd5 20.Qe6 d4  1-0

[Event "Open"]
[Site "Lisbon POR"]
[Date "2001.08.25"]
[Round "5"]
[White "Moreno Tejera,E"]
[Black "Damaso,R"]
[Result "1/2-1/2"]
[WhiteElo "2290"]
[BlackElo "2437"]

1.e4 c5 2.Nc3 Nc6 3.Bb5 Nd4 4.Bc4 e6 5.Nge2 Nf6 6.O-O d5 7.exd5 exd5 8.Nxd5 Nf3+
9.gxf3 Nxd5 10.d4 Nb6 11.Bb5+ Bd7 12.Bxd7+ Qxd7 13.dxc5 Bxc5 14.Qxd7+ Nxd7
15.Be3 Rc8 16.Bxc5 Rxc5 17.Nd4 Ne5 18.Rfe1 O-O 19.Kg2 Ng6 20.Re4 f5 21.Ree1 Rd5
22.c3 b5 23.a3 a5 24.Nb3 Rf6 25.Rad1 Nf4+ 26.Kf1 Rxd1 27.Rxd1 Rh6 28.Kg1 Nh3+
29.Kg2 Nf4+ 30.Kh1 Nh3 31.Rf1 Rd6 32.Nd4 b4 33.axb4 axb4 34.Kg2 Nf4+ 35.Kg3 Nd3
36.Nxf5 Rg6+ 37.Kh4 Rf6 38.Ne3 Nxb2 39.cxb4 Rf4+ 40.Kg3 Rxb4  1/2-1/2

[Event "zt 2.5"]
[Site "Mar del Plata ARG"]
[Date "2001.08.25"]
[Round "9"]
[White "Felgaer,R"]
[Black "Rosito,J"]
[Result "1-0"]
[WhiteElo "2471"]
[BlackElo "2400"]

1.e4 c5 2.Nc3 Nc6 3.Nge2 e6 4.g3 d5 5.exd5 exd5 6.Bg2 Nf6 7.O-O d4 8.Nb5 Be7
9.d3 O-O 10.a4 Bf5 11.h3 a6 12.Na3 Nd5 13.Nc4 Be6 14.Nf4 Nxf4 15.Bxf4 Rc8
16.Re1 b5 17.axb5 axb5 18.Ne5 Nb4 19.Ra7 Bd6 20.Nd7 Bxd7 21.Bxd6 Bg4 22.Qxg4 Qxd6
23.Ree7 Rce8 24.Rxe8 Rxe8 25.Qf5 Rf8 26.Rd7 g6 27.Rxd6 gxf5 28.Rb6 Re8 29.Rxb5 Re1+
30.Kh2 Nxc2 31.Rxc5 Nb4 32.Rxf5 Nxd3 33.Rd5 Nxb2 34.Rxd4 Re2 35.Kg1 Re1+
36.Bf1 Rd1 37.Rg4+ Kf8 38.Rf4 Kg7 39.Rg4+ Kf8 40.Rf4 Nd3 41.Rf3 Ne5 42.Rf5 Ng6
43.Kg2 Kg7 44.Bc4 Rd7 45.h4 f6 46.Rb5 Rc7 47.Bd3 Rd7 48.Bf5 Re7 49.Bc2 Rc7
50.Bb3 Ne5 51.Rb8 Nf7 52.Kh3 Re7 53.Bc4 Rc7 54.Be6 Re7 55.Rb6 Rc7 56.Rb5 Re7
57.Bb3 Rc7 58.f4 Re7 59.Kh2 Re2+ 60.Kh3 Re7 61.Ra5 Rc7 62.Ba2 Rb7 63.Kg4 Nd6
64.Ra8 Nf7 65.Be6 Re7 66.Ra6 Rc7 67.Ra5 Re7 68.Ba2 Nd6 69.Ra6 Nf7 70.Bxf7 Rxf7
71.Kf5 Rb7 72.g4 Rb5+ 73.Ke6 Rb7 74.Rd6 Rb4 75.Rd7+ Kg6 76.h5+ Kh6 77.Kf5 Rb5+
78.Kxf6 Rb6+ 79.Ke5 Re6+ 80.Kd5 Re8 81.g5+ Kxh5 82.Rxh7+ Kg6 83.Rh6+ Kf5
84.Rf6+ Kg4 85.g6  1-0

[Event "Rubinstein Open"]
[Site "Polanica Zdroj POL"]
[Date "2001.08.25"]
[Round "10"]
[White "Frackowiak,S"]
[Black "Zimmer,F"]
[Result "1-0"]
[WhiteElo "2127"]
[BlackElo "2078"]

1.e4 c5 2.Nf3 Nc6 3.Nc3 g6 4.g3 Bg7 5.Bg2 e6 6.d3 Nge7 7.O-O O-O 8.Be3 Nd4
9.Ng5 Nec6 10.Qd2 d6 11.f4 Rb8 12.Kh1 Bd7 13.Rae1 b5 14.Nd1 b4 15.c3 bxc3
16.bxc3 Nb5 17.f5 Ne5 18.Qe2 h6 19.fxe6 Bxe6 20.Nxe6 fxe6  1-0

[Event "Rubinstein Open"]
[Site "Polanica Zdroj POL"]
[Date "2001.08.25"]
[Round "10"]
[White "Stoma,P"]
[Black "Lagowski,P"]
[Result "1/2-1/2"]
[WhiteElo "2193"]
[BlackElo "2346"]

1.e4 c5 2.Nc3 Nc6 3.Bb5 d6 4.Nf3 Bd7 5.O-O Nf6 6.Re1 e6 7.b3 Be7 8.Ba3 e5
9.Nd5 Nxd5 10.exd5 Nb8 11.Bf1 O-O 12.c3 Qa5 13.Bb2 Bf6 14.d4 exd4 15.cxd4 Bg4
16.Re3 Nd7 17.Bc3 Qa3 18.h3 cxd4 19.Bxd4 Bxf3 20.Rxf3 Bxd4  1/2-1/2

[Event "Open"]
[Site "Lisbon POR"]
[Date "2001.08.26"]
[Round "6"]
[White "Torrado Quintela,J"]
[Black "Rivera,D"]
[Result "0-1"]
[WhiteElo "2147"]
[BlackElo "2361"]

1.e4 c5 2.Nc3 Nc6 3.Nf3 d6 4.d4 cxd4 5.Nxd4 Nf6 6.Be3 Ng4 7.Bg5 h6 8.Bh4 g5
9.Bg3 Bg7 10.Nxc6 bxc6 11.Be2 Qa5 12.O-O Ne5 13.Kh1 Be6 14.f4 Nc4 15.Bxc4 Bxc4
16.Rf3 gxf4 17.Bxf4 h5 18.Qd2 h4 19.h3 Be6 20.Re1 Rb8 21.b3 Rg8 22.Qd3 Bxc3
23.Qxc3 Qxc3 24.Rxc3 Kd7 25.Kh2 f6 26.Be3 Rg3 27.Bd4 c5 28.Bxf6 Rbg8  0-1

[Event "Open"]
[Site "Lisbon POR"]
[Date "2001.08.26"]
[Round "6"]
[White "Ibarra Jerez,JC"]
[Black "Holmsten,A"]
[Result "0-1"]
[WhiteElo "2238"]
[BlackElo "2436"]

1.e4 c5 2.Nc3 Nc6 3.Nge2 Nf6 4.d4 cxd4 5.Nxd4 e5 6.Ndb5 d6 7.Bg5 a6 8.Na3 b5
9.Bxf6 gxf6 10.Nd5 Bg7 11.c3 f5 12.exf5 Bxf5 13.Nc2 O-O 14.Nce3 Be6 15.Bd3 f5
16.Bc2 Kh8 17.Qh5 e4 18.Rd1 Ne5 19.Kf1 Ra7 20.f4 Nc4 21.Nxc4 bxc4 22.Qe2 Rb7
23.Ba4 Qb8 24.b3 Rc8 25.b4 Bxd5 26.Rxd5 Bxc3 27.a3 Rf7 28.g4 fxg4 29.Qxe4 Be5
30.f5 Rxf5+ 31.Ke2 Rf4 32.Qe3 Rcf8 33.Bc2 Qc7 34.Be4 Qf7 35.Rd2 c3 36.Rc2 Qc4+
37.Bd3 Qd5 38.Rg1 Rf3 39.Qe4 Rxd3  0-1

[Event "Schwarzach Open A"]
[Site "Salzburg AUT"]
[Date "2001.08.26"]
[Round "2"]
[White "Stephan,Ax"]
[Black "Ivanov,MM"]
[Result "1-0"]
[WhiteElo "2278"]
[BlackElo "2446"]

1.e4 c5 2.Nc3 Nc6 3.Nge2 g6 4.d4 cxd4 5.Nxd4 Bg7 6.Nde2 d6 7.g3 Ne5 8.f4 Nc6
9.Bg2 h5 10.h3 Be6 11.O-O Qb6+ 12.Kh1 Nh6 13.Nd5 Bxd5 14.Qxd5 Rc8 15.c3 Ng4
16.Qd2 Na5 17.b3 h4 18.gxh4 Rxh4 19.Qe1 Rh8 20.Qg3 f5 21.Bf3 Kf7 22.exf5 gxf5
23.Kg2 Nf6 24.Be3 Qa6 25.Kf2 Rcg8 26.Qg2 Bf8 27.Qh1 Ng4+ 28.Bxg4 fxg4 29.Qe4 Bg7
30.Nd4 Bxd4 31.Bxd4 gxh3 32.Bxh8 Rxh8  1-0

[Event "WJun"]
[Site "Athens GRE"]
[Date "2001.08.27"]
[Round "11"]
[White "Mastrovasilis,D"]
[Black "Papp,Ga"]
[Result "1-0"]
[WhiteElo "2435"]
[BlackElo "2291"]

1.e4 c5 2.Nc3 Nc6 3.Nge2 d6 4.d4 cxd4 5.Nxd4 Nf6 6.Bg5 Bd7 7.Be2 Qa5 8.Bxf6 gxf6
9.O-O Nxd4 10.Qxd4 Rc8 11.Nd5 Qc5 12.Qd2 Qxc2 13.Qe3 Bh6 14.Qxh6 Qxe2 15.Qg7 Rf8
16.Rac1 Rxc1 17.Rxc1 Bc6 18.Nc7+ Kd7 19.Qxf8 Qxe4 20.Nd5 Qxd5 21.f3 Qd2 22.Ra1 Bd5
23.Kh1 Qxb2 24.Re1 Be6 25.Qb8 a6 26.a4 Bd5 27.Qf8 e5 28.Qh6 Qb4 29.Rc1 Qxa4
30.Qxh7 Qf4 31.Rd1 f5 32.h3 Be6 33.Qh8 e4 34.Qd4 Ke7 35.Qb6 exf3 36.Qxb7+ Kf6
37.Qxf3 Qxf3 38.gxf3 Ke5 39.Kg2 f4 40.h4 d5 41.Ra1 d4 42.Ra5+ Kf6 43.Rxa6 Kg6
44.Ra5 d3 45.Kf2 Bc8 46.Rd5 Bb7 47.Rxd3 Kh5 48.Rd7 Bc6 49.Rxf7 Kxh4 50.Rxf4+ Kg5
51.Rc4 Bd7 52.Kg3 Bf5 53.Rc5 Kf6 54.Kf4 Bd3 55.Rc6+ Kf7 56.Ke5 Bb1 57.Rb6 Bc2
58.f4 Bd3 59.Rb7+ Kg6 60.Rb6+ Kf7 61.f5 Bc4 62.Rb4 Ba2 63.Rb7+ Ke8 64.Kf6  1-0

[Event "21st Open"]
[Site "Bratto ITA"]
[Date "2001.08.27"]
[Round "6"]
[White "Menoni,V"]
[Black "De Barberis,M"]
[Result "1/2-1/2"]
[WhiteElo "2252"]
[BlackElo "2103"]

1.e4 c5 2.Nc3 Nc6 3.Nge2 e6 4.g3 Nf6 5.Bg2 Be7 6.O-O d6 7.f4 a6 8.h3 Qc7
9.g4 b5 10.Ng3 Bb7 11.d3 Nd4 12.Nb1 g6 13.c3 Nc6 14.Na3 h5 15.g5 Nd7 16.Nc2 f5
17.exf5 exf5 18.a4 bxa4 19.Rxa4 Nb6 20.Ra1 O-O 21.Ne3 Bd8 22.d4 cxd4 23.cxd4 Ne7
24.Qb3+ Kh7 25.Bd2 Bxg2 26.Nxg2 Nbd5 27.Bc3 Qc6 28.Rfe1  1/2-1/2

[Event "Open"]
[Site "Lisbon POR"]
[Date "2001.08.27"]
[Round "7"]
[White "Galego,L"]
[Black "Kogan,A"]
[Result "1/2-1/2"]
[WhiteElo "2467"]
[BlackElo "2517"]

1.e4 c5 2.Nf3 Nc6 3.Nc3 e6 4.g3 Nf6 5.Bg2 d5 6.exd5 exd5 7.d3 d4 8.Ne2 Be7
9.O-O Nd5 10.Nf4 Nxf4 11.Bxf4 O-O 12.Re1 Nb4 13.Ne5 Nd5 14.Bd2 Be6 15.c4 dxc3
16.bxc3 Qc7 17.c4 Nb4 18.a3 Nc6 19.Nxc6 bxc6 20.Qa4 Rac8 21.Rab1 Qd7 22.Rb3 Bf5
23.Qa6 Bf6 24.Bf1 h5 25.Be3 Rfe8 26.Rb7 Qd6 27.Qa5 Bd4 28.Bxd4 Qxd4 29.Rxe8+ Rxe8
30.Qc7 Qf6 31.Rb1 Re7 32.Qf4 Rd7 33.Qf3 g6 34.Qe3 Qe7 35.Qxe7 Rxe7 36.f3 Kg7
37.Kf2 Kf6 38.h3 g5 39.g4 Bg6 40.Rb8 Ke5 41.Ke3 Kd6+ 42.Kd2 Kc7 43.Rb1 Re8
44.Be2 Rh8 45.Ke3 f6 46.Kd2 Bf7 47.f4 hxg4 48.hxg4 Be6 49.f5 Bd7  1/2-1/2

[Event "Schwarzach Open A"]
[Site "Salzburg AUT"]
[Date "2001.08.27"]
[Round "3"]
[White "Ljubic,J"]
[Black "Kranz,A"]
[Result "1/2-1/2"]
[WhiteElo "2258"]
[BlackElo "2172"]

1.e4 c5 2.Nf3 Nc6 3.Nc3 d6 4.d4 cxd4 5.Nxd4 e5 6.Ndb5 a6 7.Na3 b5 8.Nd5 Nf6
9.Bg5 Be7 10.Bxf6 Bxf6 11.c3 Bg5 12.Nc2 Rb8 13.Bd3 O-O 14.h4 Bh6 15.Qe2  1/2-1/2

[Event "21st Open"]
[Site "Bratto ITA"]
[Date "2001.08.28"]
[Round "7"]
[White "Paoli,E"]
[Black "Lapiccirella,D"]
[Result "0-1"]
[WhiteElo "2300"]
[BlackElo "2098"]

1.e4 c5 2.Nf3 Nc6 3.Nc3 e6 4.Bc4 a6 5.a4 Nge7 6.Qe2 g6 7.O-O Bg7 8.d3 O-O
9.e5 b6 10.Bf4 Nf5 11.Ne4 Bb7 12.c3 d5 13.exd6 e5 14.Bg5 Qd7 15.Qd2 Nxd6
16.Nf6+ Bxf6 17.Bxf6 Qf5 18.Qg5 Qxg5 19.Nxg5 Nxc4 20.dxc4 Rfe8 21.Rfe1 h6
22.Ne4 Re6 23.Rad1 Na5 24.Rd6 Rae8 25.Rxe6 Rxe6 26.Rd1 g5 27.Rd8+ Kh7 28.Rh8+ Kg6
29.Rg8+ Kf5 30.Ng3+ Kxf6 31.Nh5+ Ke7 32.Ng7 Rg6 33.g4 Be4 34.f3 Bc2 35.Kf2 f6
36.Ke3 Kf7 37.Rb8 Rxg7 38.Rxb6 Nxc4+  0-1

[Event "Open"]
[Site "Lisbon POR"]
[Date "2001.08.28"]
[Round "8"]
[White "Perez Candelario,M"]
[Black "Morais,V"]
[Result "1-0"]
[WhiteElo "2376"]
[BlackElo "2126"]

1.e4 c5 2.Nc3 Nc6 3.Bb5 Nd4 4.Bc4 e6 5.Nge2 a6 6.Nxd4 cxd4 7.Ne2 Bc5 8.O-O Ne7
9.d3 O-O 10.a4 d5 11.exd5 Nxd5 12.Nf4 Nxf4 13.Bxf4 Qf6 14.Bg3 Bd7 15.Qh5 Rac8
16.Bb3 Ba7 17.Rae1 Rc5 18.Re5 g6 19.Qe2 Bc6 20.f4 Qd8 21.Qg4 Re8 22.f5 Rxe5
23.fxg6 hxg6 24.Bxe5 Bd5 25.Bf6  1-0

[Event "WJun Women"]
[Site "Athens GRE"]
[Date "2001.08.29"]
[Round "13"]
[White "Buckley,M"]
[Black "Jurkiewicz,Ka"]
[Result "1/2-1/2"]
[WhiteElo "2118"]
[BlackElo "2217"]

1.e4 c5 2.Nc3 Nc6 3.Bb5 Nd4 4.Bc4 g6 5.Nf3 Bg7 6.Nxd4 cxd4 7.Qf3 Nh6 8.Ne2 O-O
9.d3 d6 10.h3 e5 11.O-O Kh8 12.Qg3 f5 13.Bg5 Qd7 14.Qh4 Ng8 15.f4 b5 16.Bb3 Bb7
17.Ng3 Rae8  1/2-1/2

[Event "Open"]
[Site "Lisbon POR"]
[Date "2001.08.29"]
[Round "9"]
[White "Moreno Tejera,E"]
[Black "Frois,A"]
[Result "0-1"]
[WhiteElo "2290"]
[BlackElo "2374"]

1.e4 c5 2.Nc3 Nc6 3.Bb5 g6 4.Bxc6 dxc6 5.d3 Bg7 6.Be3 b6 7.Qd2 e5 8.Nge2 Qe7
9.O-O Nf6 10.h3 Be6 11.f4 exf4 12.Bxf4 Nd7 13.Bh6 O-O 14.Rae1 Ne5 15.Qf4 f6
16.Bxg7 Kxg7 17.Qg3 Rad8 18.Nf4 Bg8 19.b3 Kh8 20.Rf2 b5 21.Nfe2 a5 22.a4 Bxb3
23.cxb3 Nxd3 24.Rff1 Nxe1 25.Rxe1 b4 26.Nd1 c4 27.bxc4 Qc5+ 28.Kh2 Qxc4 29.Nf4 Rde8
30.Nf2 b3 31.N4d3 Qd4 32.Qe3 Qxe3 33.Rxe3 Rb8 34.Nb2 Rfd8 35.Rc3 Rd2 36.Nfd3 Rc2
37.Rc5 Re8 38.Rxa5 Rxe4 39.Ra8+ Kg7 40.Rb8 Ree2 41.Rxb3 Rxg2+ 42.Kh1 Rh2+
43.Kg1 Rhd2 44.a5 c5 45.a6 c4 46.a7 cxd3  0-1

[Event "IX Open"]
[Site "Albacete ESP"]
[Date "2001.08.31"]
[Round "2"]
[White "Arizmendi Martinez,J"]
[Black "Jorge Bort,E"]
[Result "1-0"]
[WhiteElo "2495"]
[BlackElo "2197"]

1.e4 c5 2.Nc3 Nc6 3.Nge2 e5 4.Nd5 g6 5.Nec3 Nd4 6.Bc4 Bg7 7.d3 Rb8 8.a4 b6
9.Nb5 Nxb5 10.axb5 Rb7 11.O-O d6 12.c3 g5 13.Bd2 h6 14.Ra6 f5 15.Qh5+ Kf8
16.Rfa1 fxe4 17.Rxa7 exd3 18.Rxb7 Bxb7 19.Nf4  1-0

[Event "EYCC B16"]
[Site "Halkidiki GRE"]
[Date "2001.08.31"]
[Round "1"]
[White "Inarkiev,E"]
[Black "Tudor,A"]
[Result "1-0"]
[WhiteElo "2484"]
[BlackElo "2147"]

1.e4 c5 2.Nf3 Nc6 3.Nc3 Nf6 4.d4 cxd4 5.Nxd4 Qb6 6.Nb3 e6 7.Be3 Qc7 8.Bd3 a6
9.O-O b5 10.f4 d6 11.Qf3 Bb7 12.Qg3 g6 13.f5 gxf5 14.Bg5 Rg8 15.Qh4 Qb6+
16.Kh1 Ng4 17.exf5 h6 18.Ne4 hxg5 19.Qxg4 Ke7 20.fxe6 fxe6 21.Nxg5 Qe3 22.h4 Bh6
23.Rae1 Bxg5 24.Rxe3 Bxe3 25.Qf3 Nd8 26.Be4 d5 27.Bh7  1-0

[Event "ADCF Masters"]
[Site "Abu Dhabi UAE"]
[Date "2001.09.02"]
[Round "8"]
[White "Badjarani,I"]
[Black "Khalid AlShaali"]
[Result "1-0"]
[WhiteElo "2365"]
[BlackElo "2187"]

1.e4 c5 2.Nf3 Nc6 3.Nc3 e5 4.Bc4 d6 5.d3 Be7 6.Nd2 Nf6 7.Nf1 O-O 8.Ne3 Rb8
9.O-O Ne8 10.a4 Bg5 11.g3 Bh3 12.Re1 Nd4 13.Ncd5 Nf6 14.c3 Nxd5 15.Bxd5 Nc6
16.g4 Bf4 17.Qf3 Qh4 18.Nf5 Qxg4+ 19.Qxg4 Bxg4 20.Nxd6 Ne7 21.Bxf4 exf4 22.c4 Nxd5
23.cxd5 b6 24.Kg2 Rbd8 25.Nc4 f3+ 26.Kg3 f5 27.d6 h5 28.h3 f4+ 29.Kh2 Be6
30.e5 Kf7 31.a5 Bxc4 32.dxc4 Ke6 33.axb6 axb6 34.Ra6 Rf5 35.Rxb6 Rxe5 36.d7+ Kf5
37.Rd1 Re7 38.Rbd6 Re2 39.Kg1 g5 40.Rc6 Re7 41.Rxc5+ Kf6 42.Rc6+ Kf7 43.Rcd6 g4
44.c5 g3 45.R6d4 Re2 46.Rxf4+ Ke7 47.Rxf3 Rg8 48.Rxg3  1-0

[Event "EYCC B14"]
[Site "Halkidiki GRE"]
[Date "2001.09.02"]
[Round "3"]
[White "Wojtaszek,R"]
[Black "Magalashvili,D"]
[Result "1-0"]
[WhiteElo "2295"]
[BlackElo "2089"]

1.e4 c5 2.Nc3 Nc6 3.Bb5 Nd4 4.Bc4 g6 5.Nf3 Bg7 6.Nxd4 cxd4 7.Qf3 e6 8.Nb5 Be5
9.c3 dxc3 10.d4 a6 11.dxe5 axb5 12.Bb3 cxb2 13.Bxb2 Ne7 14.O-O O-O 15.Qg3 Nc6
16.Rad1 Na5 17.f4 Nc4 18.Bd4 b6 19.f5 Kh8 20.f6 g5 21.Qxg5 Rg8 22.Qh4 Rg6
23.Rd3 Bb7 24.Rg3 Nd2 25.Rxg6 fxg6 26.Qh6 Qf8 27.Qxd2 Bxe4 28.Bxb6 Qf7 29.Qd6 Rc8
30.Qe7 Kg8 31.Rd1 Bc6 32.Rd6 Re8 33.Qxf7+ Kxf7 34.Kf2 Rc8 35.g3 Re8 36.a3 Rc8
37.Bc5 Re8 38.Bb4 Rc8 39.Ke3 Re8 40.Bd1 Rc8 41.Bf3 Rc7 42.Bxc6 dxc6 43.Kd4  1-0

[Event "IX Open"]
[Site "Albacete ESP"]
[Date "2001.09.03"]
[Round "6"]
[White "Saez Moya,J"]
[Black "Aleksieva,S"]
[Result "1/2-1/2"]
[WhiteElo "2057"]
[BlackElo "2360"]

1.e4 c5 2.Nc3 Nc6 3.Bb5 g6 4.Bxc6 bxc6 5.d3 Bg7 6.Be3 d6 7.f4 Rb8 8.Bc1 e5
9.fxe5 Bxe5 10.Nf3 Bg7 11.O-O h6 12.Qe1 Ne7 13.Nd1 Be6 14.Bf4 Qd7 15.Qg3 Rd8
16.c3 O-O 17.Qe1 f5 18.exf5 Nxf5 19.Ne3 g5 20.Bg3 Nxg3 21.Qxg3 Rf7 22.a3 Rdf8
23.h3 Rf4 24.Rad1 Qe8 25.Rde1 Qg6 26.Rd1 Qh5 27.Rde1 Kh8 28.Re2 Bxh3 29.Qxh3 Qxh3
30.gxh3 Rxf3 31.Rxf3 Rxf3 32.Kg2 Rf7 33.Nc4 Bf8 34.Na5 Rc7 35.Kg3 Kg7 36.Kg4 a6
37.Kf5 Rf7+ 38.Kg4 Rf4+ 39.Kg3 h5 40.Nxc6 h4+ 41.Kg2 Kf6 42.d4 g4 43.hxg4 Rxg4+
44.Kh3 Kg5 45.dxc5 Rg3+ 46.Kh2 dxc5 47.Rg2 Bd6 48.Rxg3+ Bxg3+ 49.Kg2 Kf4
50.b4 cxb4 51.cxb4 Ke4 52.a4 Kd5 53.b5  1/2-1/2

[Event "EYCC B18"]
[Site "Halkidiki GRE"]
[Date "2001.09.03"]
[Round "4"]
[White "Sebe,R"]
[Black "Raev,R"]
[Result "1/2-1/2"]
[WhiteElo "2278"]
[BlackElo "2181"]

1.e4 c5 2.Nc3 Nc6 3.Nf3 e5 4.Bc4 d6 5.d3 h6 6.Nd2 Be7 7.Nf1 Nf6 8.Ne3 O-O
9.O-O Rb8 10.a3 Nd4 11.Ncd5 Nxd5 12.Bxd5 Bg5 13.c3 Ne6 14.b4 b6 15.g3 Kh7
16.h4 Bxe3 17.Bxe3 Nc7 18.Bb3 Ne8 19.Bc2 Nf6 20.d4 cxd4 21.cxd4 Qe7 22.d5 Qd7
23.Re1 Rg8 24.Bd2 g5 25.hxg5 hxg5 26.Qf3 Kg6 27.Qe3 Kh6 28.Bd1 Qh3 29.Qf3 Kg6
30.Qg2 Qh6 31.g4 Rh8 32.f3 Ba6 33.Be2 Bxe2 34.Rxe2 Rbc8 35.Rc1 Rxc1+ 36.Bxc1 Rc8
37.Rc2 Rxc2 38.Qxc2 Qh3 39.Qg2  1/2-1/2